000 00659nam a2200181 i 4500
001 85011
003 ES-MaACL
005 20230906175149.0
007 t|
008 041124s1950 sp ||||1| spa d
100 1 _aJos, Emiliano.
_966965
245 1 0 _aCiencia y osadía sobre Lope de Aguirre, el Peregrino
_b: con documentos inéditos /
_cEmiliano Jos.
250 _a1ª ed.
260 _aSevilla :
_bConsejo Superior de Investigaciones Científicas, Escuela de Estudios Hispano-Americanos,
_c1950.
300 _aXI, 166 p., 7 lám. ;
_c21 cm.
710 2 _aEscuela de Estudios Hispano-Americanos (Sevilla)
_9134366
852 _aES-MaACL
_jD-5383
_bR.30543
999 _c85011
_d85011